早稲田大学(25卒 就職先ランキング) - Statistics

General Stats
  • This quiz has been taken 22 times
  • The average score is 8 of 20
Answer Stats
企業名 人数 % Correct
10 三井住友銀行 64
94%
20 三井住友信託銀行 41
94%
2 三菱UFJ銀行 88
88%
13 三菱UFJ信託銀行 53
88%
3 アクセンチュア 88
53%
6 東京都職員Ⅰ類 79
53%
15 楽天グループ 46
47%
1 ベイカレント 103
35%
4 NTTデータ 83
35%
5 NTTドコモ 80
35%
8 野村総合研究所 68
29%
14 国家公務員一般職 52
29%
17 国家公務員総合職 44
29%
7 富士通 69
24%
17 日立製作所 44
24%
11 日本IBM 60
18%
9 NEC 66
18%
12 アビームコンサルティング 54
12%
15 EYストラテジー・アンド・コンサルティング 46
12%
19 レバレジーズ 43
0%
No matching quizzes found
Score Distribution
Percent of People with Each Score
Percentile by Number Answered
Your Score History
You have not taken this quiz